[Event "EU-Cup 32nd"]
[Site "Novi Sad"]
[Date "2016.11.08"]
[Round "3.3"]
[White "Vuckovic, Bojan"]
[Black "Guseinov, Gadir"]
[Result "0-1"]
[WhiteElo "2584"]
[BlackElo "2629"]
[PlyCount "142"]
[EventDate "2016.11.06"]
[EventType "team-swiss"]
[EventRounds "7"]
[EventCountry "SRB"]
[SourceTitle "CBM 176"]
[Source "ChessBase"]
[SourceDate "2017.01.17"]
[SourceVersion "1"]
[SourceVersionDate "2017.01.17"]
[SourceQuality "1"]
[WhiteTeam "Itaka"]
[BlackTeam "Odlar Yurdu"]
[WhiteTeamCountry "SRB"]
[BlackTeamCountry "AZE"]

1. e4 c5 2. Nf3 Nc6 3. d4 cxd4 4. Nxd4 g6 5. c4 Nf6 6. Nc3 Nxd4 7. Qxd4 d6 8. Bg5 Bg7 9. Qd2 0-0 10. Be2 Be6 11. Rc1 Qa5 12. f3 Rfc8 13. b3 a6 14. Na4 Qxd2+ 15. Kxd2 Nd7 16. g4 Kf8 17. Nc3 b5 18. Nd5 Bxd5 19. cxd5 Nc5 20. Be3 b4 21. Bxc5 Bc3+ 22. Kd3 Rxc5 23. f4 Rac8 24. Rc2 h6 25. Rhc1 g5 26. f5 Kg7 27. Ke3 a5 28. Bc4 Kf6 29. Rxc3 bxc3 30. Kd4 a4 31. Rxc3 axb3 32. axb3 Ra5 33. Rc2 Ra1 34. Rb2 Rd1+ 35. Bd3 Ra8 36. Rc2 Rb8 37. Rb2 Rb4+ 38. Kc3 Rb7 39. Kd4 Ra7 40. Rc2 Rb7 41. Rb2 Rb4+ 42. Kc3 Rb8 43. Kd4 h5 44. gxh5 Rh8 45. b4 Rxh5 46. b5 Rh3 47. Rb3 Rxh2 48. b6 Rh8 49. e5+ dxe5+ 50. Kc5 g4 51. b7 g3 52. Be4 Rd4 53. Bg2 Rd2 54. Rxg3 Rb8 55. d6 exd6+ 56. Kc6 d5 57. Kc7 Rf8 58. Bf1 Rc2+ 59. Kb6 Rb2+ 60. Kc7 e4 61. Ra3 Ke5 62. Ra5 e3 63. Bb5 Kf4 64. Bd3 e2 65. Bxe2 Rxe2 66. b8Q Rc2+ 67. Kb7+ Rxb8+ 68. Kxb8 d4 69. Rd5 Ke4 70. Rd7 f6 71. Kb7 Rc5 0-1

[Event "SRB-chT"]
[Site "Kragujevac"]
[Date "2016.10.02"]
[Round "11.3"]
[White "Vuckovic, Bojan"]
[Black "Radovanovic, Mihajlo"]
[Result "1-0"]
[WhiteElo "2572"]
[BlackElo "2377"]
[PlyCount "87"]
[EventDate "2016.09.22"]
[EventType "team-tourn"]
[EventRounds "11"]
[EventCountry "SRB"]
[SourceTitle "CBM 174 Extra"]
[Source "ChessBase"]
[SourceDate "2016.10.10"]
[SourceVersion "1"]
[SourceVersionDate "2016.10.10"]
[SourceQuality "1"]
[WhiteTeam "Itaka"]
[BlackTeam "Svetozar Gligoric"]
[WhiteTeamCountry "SRB"]
[BlackTeamCountry "SRB"]

1. e4 c5 2. Nf3 d6 3. d4 cxd4 4. Nxd4 Nf6 5. Nc3 a6 6. h3 e6 7. g4 h6 8. Bg2 Nc6 9. Be3 Nd7 10. Qe2 Be7 11. 0-0-0 0-0 12. f4 Nxd4 13. Bxd4 b5 14. e5 d5 15. Nxd5 exd5 16. Bxd5 Rb8 17. e6 Bb7 18. exd7 Qxd7 19. Bxb7 Qxb7 20. Kb1 Rfd8 21. Rhf1 Bf8 22. Be5 Rbc8 23. h4 Qc6 24. g5 Re8 25. Qd3 b4 26. Rd2 a5 27. Rfd1 a4 28. Qd5 Qg6 29. h5 Qe6 30. g6 Qxd5 31. Rxd5 f6 32. Bd4 Re2 33. c3 b3 34. axb3 axb3 35. Rb5 Rh2 36. Rxb3 Rxh5 37. Rb7 Rd5 38. Kc2 Rcd8 39. Re1 Bd6 40. b4 h5 41. Bb6 Rc8 42. Bc7 f5 43. c4 Rd4 44. Kc3 1-0

[Event "SRB-World (WFCC) m"]
[Site "Belgrade"]
[Date "2016.08.03"]
[Round "1.3"]
[White "Perunovic, Milos"]
[Black "Vuckovic, Bojan"]
[Result "1-0"]
[WhiteElo "2618"]
[BlackElo "2572"]
[PlyCount "47"]
[EventDate "2016.08.03"]
[EventType "team-match (rapid)"]
[EventRounds "2"]
[EventCountry "SRB"]
[SourceTitle "CBM 173 Extra"]
[Source "ChessBase"]
[SourceDate "2016.08.29"]
[SourceVersion "1"]
[SourceVersionDate "2016.08.29"]
[SourceQuality "1"]
[WhiteTeam "Serbia"]
[BlackTeam "World (WFCC)"]
[WhiteTeamCountry "SRB"]

1. e4 c5 2. Nf3 Nc6 3. Bb5 g6 4. Bxc6 dxc6 5. d3 Bg7 6. h3 Nf6 7. Nc3 0-0 8. Be3 b6 9. Qd2 e5 10. Bh6 Qd6 11. 0-0-0 a5 12. Ne2 a4 13. g4 Be6 14. Kb1 b5 15. Bxg7 Kxg7 16. Ng5 a3 17. b3 Nd7 18. f4 exf4 19. d4 Kg8 20. Qxf4 Qe7 21. d5 Bxd5 22. exd5 Qxe2 23. Rhe1 Qg2 24. Rg1 1-0